Statistics for Short Historical Figures

Click here to take the quiz!

General Stats

  • This quiz has been taken 5,319 times
  • The average score is 13 of 24

Answer Stats

Hint Ht. Answer % Correct
French emperor, 1804-18155'6"Napoleon Bonaparte
94%
"I have a dream" speechgiver5'6"Martin Luther King, Jr.
90%
Soviet premier in WWII5'4"Joseph Stalin
83%
British PM during WW II5'6"Winston Churchill
83%
German composer known for nine symphonies5'3"Ludwig Van Beethoven
81%
Led India to independence from the UK5'3"Mahatma Gandhi
75%
Wrote "The Lord of the Rings"5'5"J.R.R. Tolkien
75%
First Soviet premier5'5"Vladimir Lenin
72%
Spanish painter, founder of cubism5'4"Pablo Picasso
71%
Murderous family cult leader5'2"Charles Manson
65%
Greek tycoon wgo married JFK's widow5'5"Aristotle Onassis
61%
First man in space5'2"Yuri Gagarin
56%
Fourth president of the U.S.5'4"James Madison
51%
Soviet premier before Brezhnev5'3"Nikita Khrushchev
48%
French sculptor, created "The Thinker"5'4"Auguste Rodin
47%
Cruel, licentious French marquis5'3"Marquis De Sade
45%
Famed British-Arab liaison during WWI5'6"T.E. Lawrence
44%
Steel magnate and philanthropist5'0"Andrew Carnegie
43%
3rd-party candidate in 1992 & 19965'7"H. Ross Perot
39%
Author, "In Cold Blood"5'4"Truman Capote
38%
First prime minister of Israel5'0"David Ben-Gurion
28%
Composer, "Rite of Spring"5'4"Igor Stravinsky
22%
Inventor of the geodesic dome5'2"R. Buckminster Fuller
16%
British author of "The Rape of the Lock"4'6"Alexander Pope
13%

Score Distribution

Percentile by Number Answered

Percent of People with Each Score

Your Score History

You have not taken this quiz